000 00505nam a2200145 a 4500
001 000046333
005 20201002052809.0
008 150723s2015 dr ac 000 0 spa d
040 _aDO-SdBNP
_bspa
_cBNPHU
082 _axxxx
_bxxxx
100 1 _aDurán, Carmen
_913188
245 1 4 _aLas mujeres en la revolución de abril de 1965 :
_b50 aniversario de esta Gesta Patriótica y Popular /
_cCarmen Durán.
260 _aSanto Domingo
_aMinisterio de la Mujer,
_c2015.
300 _a11 p. :
_bil., retrs. ;
_c25 cm.
999 _c45822
_d45822